Регионална библиотека "Любен Каравелов" - Русе

Български народни приказки (Запис номер 11865)

MARC детайли
000 -Лидер
Контролно поле с фиксирана дължина 01668nam a2200421 c 4500
003 - Код на организацията, давaща контролен номер
Контролно поле BLK
005 - Дата и час на последна редакция
Контролно поле 20250729172128.0
008 - Елементи от данни с фиксирана дължина
fixed length control field 180412b bul|||||r ||||||| ||bul||
010 ## - Наследен системен номер
LC control number KNG00013434000
020 ## - Международен стандартен номер на книга ISBN
Международен стандартен номер на книга ISBN 954-8241-15-3
040 ## - Източник на каталожния запис
Идентификатор на билиотеката - собственик на записа BLK
041 ## - Код за език
Код за езика на текст/звукозапис или на отделно заглавие Български
Код за езика КДБФ Български
080 ## - УДК
Текстов определител УДК Българска литература
УДК код - определител по УДК 821.163.2
УДК определител -93-34
УДК - код + определител 821.163.2-93-34
139 ## - Редно поле
Редна дума Български народни приказки
Авторски знак Бъл - Б 92
245 10 - Сведения за заглавието
Заглавие Български народни приказки
Подзаглавни данни За Крали Марко, Хитър Петър и Настрадин Ходжа
Редно поле (дума) състав. Кристина Илиева; худож. Мария Балова-Петрова.
250 ## - Област на изданието
Сведения за изданието 2. изд.
257 ## - Страна на издаване
Страна на създаване/издаване България
260 ## - Област на издателските данни
Име на издателя, разпространителя и проч. Бриз
Година на издаване 2001
Печатница София : Образование и наука ЕАД
300 ## - Физическа характеристика
Страници 144 с.
Илюстрации и др. с ил.
Размери/Мащаб 20 см
380 ## - Жанр
Жанр Детска худож. лит.
490 ## - СЕРИИ (Колекции)
Име на серия Златна библиотека
№: серия № 13
9 (RLIN) 201320
490 ## - СЕРИИ (Колекции)
Име на серия Библиотека за ученика
9 (RLIN) 201322
500 ## - Общи забележки
Забележка 1. изд. 1998 на изд. Орбел. - Офс. изд.
653 ## - Ключова дума – ненормативна
Ключова дума приказки
653 ## - Ключова дума – ненормативна
Ключова дума детска литература
653 ## - Ключова дума – ненормативна
Ключова дума литература за деца
653 ## - Ключова дума – ненормативна
Ключова дума Крали Марко
653 ## - Ключова дума – ненормативна
Ключова дума Хитър Петър
700 1# - Други автори (авторска отговорност)
Лично име Илиева, Кристина
Автороска отговорност (Описва отношението между автора и произведението) състав.
9 (RLIN) 256964
700 1# - Други автори (авторска отговорност)
Лично име Балова-Петрова, Мария
Автороска отговорност (Описва отношението между автора и произведението) худож.
9 (RLIN) 36116
852 ## - Местоположение
Форматна сигнатура Цб 208224
856 4# - Електронен адрес и достъп
Електронен формат pdf - файл
Път до файла /url/
856 4# - Електронен адрес и достъп
Електронен формат pdf - файл
Път до файла /url/
999 ## - СИСТЕМНИ КОНТРОЛНИ НОМЕРА
Koha biblionumber 11865
Koha biblioitemnumber 11865
942 ## - АРТИКУЛИ
Вид на библиотечния материал Книги
Скрит в OPAC Не
Koha issues (borrowed), all copies 42
Периодичен библиозапис Да
944 ## - СЪЗДАВАНЕ И РЕДАКЦИЯ на ЗАПИСА
Създаване/Редакция Създаване
Дата на регистрацията/редакция 26.03.2003
Служител, извършил регистрацията/редакцията 30551
Статус, дата на статуса Бояна Костадинова
944 ## - СЪЗДАВАНЕ И РЕДАКЦИЯ на ЗАПИСА
Създаване/Редакция Редакция
Дата на регистрацията/редакция 05.08.2005
999 ## - СИСТЕМНИ КОНТРОЛНИ НОМЕРА
Koha biblioitemnumber 11865
Наличности
Код за отписване Код за изгубен артикул Източник на класификационната схема Код за повреда Коз за рестрикции Код за отдаване Артикулен № Име на библиотеката - собственик Име на библиотеката, в която се намира в момента Статус (Текущо местоположение) Дата на вписване в системата Местоположение - отдел Цена в лева Инвентарен номер Систематично азбучна сигнатура Баркод Номер на екземпляра Цена в евро Служебна бележка Служебен тип на артикула
  Не е изгубен Universal Decimal Classification Не е повреден без рестрикции ползва се в читалня 20575 Регионална библиотека "Любен Каравелов" Русе Регионална библиотека "Любен Каравелов" Русе Хранилище 2001-01-01 Хранилище 3.20 664584 Цб 208224 120000664584 1 1.64 Дост: Dp Вид: Д N: 15 Дата: 01.01.2001 Книги
  Не е изгубен Universal Decimal Classification Не е повреден без рестрикции заемане за дома 20576 Регионална библиотека "Любен Каравелов" Русе Регионална библиотека "Любен Каравелов" Русе Детски отдел 2005-08-04 Детски отдел 3.20 120000695914 Д 886.7/Б 92 120000695914 2 1.64 Дост: Pk Вид: Ф N: 8906 Дата: 25.07.2005 Дата инв: 11.08.2015 Бележки инв: Д2015 Книги
  Не е изгубен   Не е повреден без рестрикции заемане за дома 20577 Регионална библиотека "Любен Каравелов" Русе Регионална библиотека "Любен Каравелов" Русе Детски отдел 2005-08-04 Детски отдел 3.20 120000695916 Д 886.7/Б 92 120000695916 3 1.64 Дост: Pk Вид: Ф N: 8906 Дата: 25.07.2005 Дата инв: 11.08.2015 Бележки инв: Д2015 Книги
  Не е изгубен Universal Decimal Classification Не е повреден без рестрикции заемане за дома 20578 Регионална библиотека "Любен Каравелов" Русе Регионална библиотека "Любен Каравелов" Русе Детски отдел 2005-08-04 Детски отдел 3.20 120000695917 Д 886.7/Б 92 120000695917 4 1.64 Дост: Pk Вид: Ф N: 8906 Дата: 25.07.2005 Дата инв: 11.08.2015 Бележки инв: Д2015 Книги
  Не е изгубен   Не е повреден без рестрикции заемане за дома 20579 Регионална библиотека "Любен Каравелов" Русе Регионална библиотека "Любен Каравелов" Русе Детски отдел 2005-08-04 Детски отдел 3.20 120000695918 Д 886.7/Б 92 120000695918 5 1.64 Дост: Pk Вид: Ф N: 8906 Дата: 25.07.2005 Дата инв: 11.08.2015 Бележки инв: Д2015 Книги
Vip Innovations Ltd, Rousse, Bulgaria 2025